LEADER 01051nam--2200349---450- 001 990002257800203316 005 20090423151607.0 035 $a000225780 035 $aUSA01000225780 035 $a(ALEPH)000225780USA01 035 $a000225780 100 $a20041210d1967----km-y0itay0103----ba 101 0 $aita 102 $aIT 105 $a||||||||001yy 200 1 $a<> pane e il resto le scelte dell'uomo contemporaneo$fDonato Martinacci$gprefazione di aldo Garosci 210 $aRocca San Casciano$cCappelli$d1967 215 $a176 p.$d24 cm 410 0$12001 454 1$12001 461 1$1001-------$12001 700 1$aMARTINACCI,$bDonato$0570133 702 1$aGAROSCI,$bAldo 801 0$aIT$bsalbc$gISBD 912 $a990002257800203316 951 $aII.1.D. 4829 (ISP V 64)$b34674 E.C.$cISP V$d00189965 959 $aBK 969 $aECO 979 $aSIAV3$b10$c20041210$lUSA01$h1455 979 $aRSIAV1$b90$c20090423$lUSA01$h1516 996 $aPane e il resto le scelte dell'uomo contemporaneo$91066377 997 $aUNISA LEADER 02102nam0 22004693i 450 001 VAN00169964 005 20250124102645.597 017 70$2N$a9783319290379 100 $a20210701d2016 |0itac50 ba 101 $aeng 102 $aCH 105 $a|||| ||||| 200 1 $aQuantum Optics$eIncluding Noise Reduction, Trapped Ions, Quantum Trajectories, and Decoherence$fMiguel Orszag 205 $a3. ed 210 $aCham$cSpringer$d2016 215 $axxii, 485 p.$cill.$d24 cm 500 1$3VAN00169968$aQuantum Optics : Including Noise Reduction, Trapped Ions, Quantum Trajectories, and Decoherence$91813409 606 $a00A79 (77-XX)$xPhysics [MSC 2020]$3VANC023182$2MF 606 $a78A60$xLasers, masers, optical bistability, nonlinear optics [MSC 2020]$3VANC029030$2MF 606 $a81-XX$xQuantum theory [MSC 2020]$3VANC019967$2MF 606 $a81V80$xQuantum optics [MSC 2020]$3VANC023592$2MF 610 $aAtom Field Hamiltonian$9KW:K 610 $aCoherent States Field$9KW:K 610 $aCorrelation Function Photon$9KW:K 610 $aLangevin Equation$9KW:K 610 $aMaster Equation Laser$9KW:K 610 $aPhoton Statistics$9KW:K 610 $aQuantum Optics$9KW:K 610 $aQuantum Theory Damping$9KW:K 610 $aQuantum Theory Laser$9KW:K 610 $aSqueezed States Field$9KW:K 620 $aCH$dCham$3VANL001889 700 1$aOrszag$bMiguel$3VANV153646$0542513 712 $aSpringer $3VANV108073$4650 801 $aIT$bSOL$c20250606$gRICA 856 4 $uhttp://doi.org/10.1007/978-3-319-29037-9$zE-book ? Accesso al full-text attraverso riconoscimento IP di Ateneo, proxy e/o Shibboleth 899 $aBIBLIOTECA DEL DIPARTIMENTO DI MATEMATICA E FISICA$1IT-CE0120$2VAN08 912 $fN 912 $aVAN00169964 950 $aBIBLIOTECA DEL DIPARTIMENTO DI MATEMATICA E FISICA$d08DLOAD e-book 2835 $e08eMF2835 20210701 996 $aQuantum Optics : Including Noise Reduction, Trapped Ions, Quantum Trajectories, and Decoherence$91813409 997 $aUNICAMPANIA